| 000 | 00689nam a22001937a 4500 | ||
|---|---|---|---|
| 005 | 20150423104447.0 | ||
| 010 | _aENG-112272 | ||
| 020 |
_a9789350571361 _c225.00 |
||
| 020 |
_a9350571366 _c225.00 |
||
| 035 | _aEN-95804 | ||
| 037 | _bDBAD/PUB | ||
| 082 | _a483.2 | ||
| 100 | _aPrasoon, Shrikant | ||
| 245 |
_aConcise dictionary English - Hindi : _ba perfect reference tool for aspirants of competitive examinations, educationists, students & general readers / _cby Shrikant Prasoon |
||
| 260 |
_aNew Delhi _bV & S Publishers _c2014 |
||
| 270 |
_aF-2/16, Ansari Road, Daryaganj, _bNew Delhi _e110002 |
||
| 300 |
_a598p. _c23cm(pbk) |
||
| 942 |
_2ddc _cEN _mPRA _h483.2 |
||
| 999 |
_c92018 _d92018 |
||